| 000 | 00572nam a2200181 a 4500 | ||
|---|---|---|---|
| 005 | 20230523063645.0 | ||
| 008 | 991125s1994 mx 000 0 spa u | ||
| 020 | _a9683636667 | ||
| 035 | _aUPN01000023089 | ||
| 049 | _aCG | ||
| 050 | 4 |
_aLB45 _bE86 |
|
| 245 | 0 | 3 |
_aLa etnografía en educación : _bpanorama, prácticas y problemas / _ccoord. Marío Rueda Beltrán. |
| 260 |
_aMéxico : _bThe University of New Mexico : _bUNAM, _c1994. |
||
| 300 | _a623 p. | ||
| 650 | 2 |
_aAntropología educacional _94781 |
|
| 700 | 1 |
_aRueda Beltrán, Mario _ecoord. _935271 |
|
| 905 | _aLibro | ||
| 999 |
_c23089 _d23089 |
||